000 01112cai a2200253 4500
001 ABS67668
008 040324n2004 000 0 eng u
035 _a(Sirsi) u125546
100 _aMinton, A.
245 _aRegeneration and creativity
260 _c2004
490 _aUrban Design Quarterly
_v(89) Winter 2004, 26-27(2)
520 _aA review of the research carried out for the RICS/Demos report "Northern Soul: culture, creativity and quality of place in Newcastle and Gateshead" (ISBN 1841801178) by the author who carried out the research. The report attempted to explain what creates a buzz in a city like Newcastle and how it can be retained, without overheating or losing momentum. The research found that regeneration strategies succeeded when they were locally rooted and worked with the local community rather than imposed and artificial.
590 _aABS
590 _aABS
650 _aURBAN REGENERATION
650 _aREDEVELOPMENT
650 _aCITIES
650 _aQUALITY OF LIFE
650 _aGATESHEAD
650 _aNEWCASTLE
690 _aREGENERATION
942 _n0
999 _c120399
_d120399